000
00317 a2200121 4500
000
nam a22 7a 4500
005
20260204155336.0
020
_a
978-0-691-26176-8
100
_a
Becker, Stanley
_9
1113710
245
_a
Europe without orders: a history
260
_b
Princeton University Press
_c
2025
942
_c
TB
999
_c
1678650
_d
1678650